000 00506nam a22001817a 4500
003 OSt
005 20140311134813.0
008 130608t xxu||||| |||| 00| 0 eng d
020 _a0816729352 (lib. bdg.)
020 _a0816728526 (pbk.)
050 _aGV 885.1
_b.R684 1993
082 _aM 796.323
_bR59 1993
245 _aWorld's strangest basketball stories
_cRockwell, Bart
260 _aUSA :
_bWatermill Press,
_cc1993.
300 _a92 p. :
_bill. ;
_c17 cm.
942 _2lcc
_cBK
_kM
999 _c35860
_d35860